Mechanics of structures, Vol.1 / (Record no. 378)
[ view plain ]
| 000 -LEADER | |
|---|---|
| fixed length control field | 00386cam a2200157ua 4500 |
| 003 - CONTROL NUMBER IDENTIFIER | |
| control field | OSt |
| 008 - FIXED-LENGTH DATA ELEMENTS--GENERAL INFORMATION | |
| fixed length control field | 250602b |||||||| |||| 00| 0 eng d |
| 041 ## - LANGUAGE CODE | |
| Language code of text/sound track or separate title | eng |
| 082 ## - DEWEY DECIMAL CLASSIFICATION NUMBER | |
| Classification number | 624.171 |
| Item number | JUN/ME |
| 100 ## - MAIN ENTRY--AUTHOR NAME | |
| Personal name | Junnarkar, S B. |
| 245 ## - TITLE STATEMENT | |
| Title | Mechanics of structures, Vol.1 / |
| 250 ## - EDITION STATEMENT | |
| Edition statement | 21 / |
| 260 ## - PUBLICATION, DISTRIBUTION, ETC. (IMPRINT) | |
| Place of publication | Anand : |
| Name of publisher | Charotar publishing house , |
| Year of publication | 1955. |
| 300 ## - PHYSICAL DESCRIPTION | |
| Number of Pages | 892 ; . |
| 942 ## - ADDED ENTRY ELEMENTS (KOHA) | |
| Koha item type | Books |
| Withdrawn status | Lost status | Damaged status | Home library | Current library | Date acquired | Full call number | Accession Number | Koha item type | Shelving location | Cost, normal purchase price |
|---|---|---|---|---|---|---|---|---|---|---|
| KAUAET | KAUAET | 07/04/2012 | 624.171 JUN/ME | 19483 | Books | |||||
| KAUAET | KAUAET | 07/04/2012 | 624.171 JUN/ME | 19325 | Book Bank scheme for SC students | Scheme | 175.00 | |||
| KAUAET | KAUAET | 11/02/2025 | 624.171 JUN/ME | 19326 | Books | 175.00 |
